| 000 | 00548nam a2200145Ia 4500 | ||
|---|---|---|---|
| 008 | 260210s9999 xx 000 0 und d | ||
| 024 | _a15B-069-BS, 15B-066-BS & 15B-071-BS | ||
| 082 | _a004.23072 MAH | ||
| 100 | _aMuhammad Fahad Ali, Mirza Rameez Baig & Ibrahim Ahmed | ||
| 245 | 0 | _aMAHASIB (CODE BOOK) | |
| 260 |
_aKarachi: _bUITU, _c2015 |
||
| 600 | _aComputer Science | ||
| 650 | _aBachelor of Computer Science (BS) | ||
| 856 |
_uhttps://drive.google.com/file/d/1r1QKnLWdHCxbFr_O6szMwGxjYKiw-cxh/view?usp=sharing _yClick here for PDF |
||
| 999 |
_c32400 _d32400 |
||